Statystyki dla Flagi państw z orłami

Kliknij tutaj aby rozwiązać quiz!

Ogólne statystyki

  • Ten quiz został rozwiązany 28 919 razy
  • Średni wynik to 5 z 9

Statystyki odpowiedzi

Country% Poprawnych
Albania
93%
Meksyk
91%
Egipt
77%
Mołdawia
71%
Czarnogóra
54%
Serbia
53%
Kazachstan
38%
Zambia
31%
Zimbabwe
23%

Rozkład punktacji

Percentyl według liczby udzielonych odpowiedzi

Procent ludzi z każdym wynikiem

Twoja historia wyników

Nie rozwiązałeś tego quizu